<?xml version="1.0" encoding="UTF-8"?>
<record
    xmlns:xsi="http://www.w3.org/2001/XMLSchema-instance"
    xsi:schemaLocation="http://www.loc.gov/MARC21/slim http://www.loc.gov/standards/marcxml/schema/MARC21slim.xsd"
    xmlns="http://www.loc.gov/MARC21/slim">

  <leader>01034nam a22001817a 4500</leader>
  <datafield tag="952" ind1=" " ind2=" ">
    <subfield code="0">0</subfield>
    <subfield code="1">0</subfield>
    <subfield code="4">0</subfield>
    <subfield code="7">0</subfield>
    <subfield code="a">18</subfield>
    <subfield code="b">18</subfield>
    <subfield code="d">2016-06-04</subfield>
    <subfield code="l">0</subfield>
    <subfield code="o">HF5681.B2 M37 2011</subfield>
    <subfield code="p">18 003152</subfield>
    <subfield code="r">2016-06-04</subfield>
    <subfield code="t">1</subfield>
    <subfield code="w">2016-06-04</subfield>
    <subfield code="y">LB</subfield>
  </datafield>
  <datafield tag="952" ind1=" " ind2=" ">
    <subfield code="0">0</subfield>
    <subfield code="1">0</subfield>
    <subfield code="4">0</subfield>
    <subfield code="7">0</subfield>
    <subfield code="a">18</subfield>
    <subfield code="b">18</subfield>
    <subfield code="d">2016-06-04</subfield>
    <subfield code="l">0</subfield>
    <subfield code="o">HF5681.B2 M37 2011</subfield>
    <subfield code="p">18 003153</subfield>
    <subfield code="r">2016-06-04</subfield>
    <subfield code="t">2</subfield>
    <subfield code="w">2016-06-04</subfield>
    <subfield code="y">LB</subfield>
  </datafield>
  <datafield tag="999" ind1=" " ind2=" ">
    <subfield code="c">99977</subfield>
    <subfield code="d">99977</subfield>
  </datafield>
  <controlfield tag="008">160604s2011    mx ||||fr|||| 00| 0 spa d</controlfield>
  <datafield tag="020" ind1=" " ind2=" ">
    <subfield code="a">9786071505996</subfield>
  </datafield>
  <datafield tag="050" ind1="0" ind2="4">
    <subfield code="a">HF5681.B2</subfield>
    <subfield code="b">M37 2011</subfield>
  </datafield>
  <datafield tag="100" ind1="1" ind2=" ">
    <subfield code="a">Mart&#xED;nez Castillo, Aureliano</subfield>
    <subfield code="e">autor</subfield>
  </datafield>
  <datafield tag="245" ind1="1" ind2="0">
    <subfield code="a">Consolidaci&#xF3;n de estados finacieros</subfield>
    <subfield code="c"> / Aureliano Mart&#xED;nez Castillo</subfield>
  </datafield>
  <datafield tag="250" ind1=" " ind2=" ">
    <subfield code="a">3a edici&#xF3;n</subfield>
  </datafield>
  <datafield tag="260" ind1="3" ind2=" ">
    <subfield code="a">M&#xE9;xico</subfield>
    <subfield code="b"> : Mc Graw Hill</subfield>
    <subfield code="c">, 2011</subfield>
  </datafield>
  <datafield tag="300" ind1=" " ind2=" ">
    <subfield code="a">xx, 461 p&#xE1;ginas</subfield>
  </datafield>
  <datafield tag="505" ind1=" " ind2=" ">
    <subfield code="a">Crecimiento empresarial
Formaci&#xF3;n de grupos empresariales
Adquisiciones de negocios
Inversiones en instrumentos financieros de deuda y de capital
Consolidaci&#xF3;n de estados financieros
Asientos de cosolidaci&#xF3;n
Marco financiero de las transacciones con monedas extranjeras
Procedimientos para el registro contable de las transacciones con monedas extranjeras y la conversi&#xF3;n de operaciones extranjeras</subfield>
  </datafield>
  <datafield tag="519" ind1=" " ind2=" ">
    <subfield code="a">Educaci&#xF3;n Mixta / </subfield>
    <subfield code="b">Contadur&#xED;a / </subfield>
    <subfield code="c">Reexpresi&#xF3;n de Estados Financieros (P22-2) / </subfield>
    <subfield code="d">(18 003152, 18 003153)</subfield>
  </datafield>
  <datafield tag="650" ind1="1" ind2="4">
    <subfield code="a">ESTADOS FINANCIEROS CONSOLIDADOS</subfield>
  </datafield>
  <datafield tag="942" ind1=" " ind2=" ">
    <subfield code="c">LB</subfield>
  </datafield>
</record>
